000 00300nam a22001337a 4500
008 181101b xxu||||| |||| 00| 0 eng d
020 _a9781449614591
041 _aeng
080 _22nd
_a615
100 _a5
101 _aFAR
245 _aAntibiotics Simplified
_cGallagher,J.C
942 _2udc
_cBK
999 _c51482
_d51482